Estudio de materiales catalíticos basados en Mo para la síntesis de alcoholes /
Guardado en:
| Otros Autores: | |
|---|---|
| Formato: | Manuscrito |
| Idioma: | Spanish |
| Publicado: |
1992.
|
| Materias: | |
| Etiquetas: |
Agregar Etiqueta
Sin Etiquetas, Sea el primero en etiquetar este registro!
|
| LEADER | 01010ntm a22002535a 4500 | ||
|---|---|---|---|
| 001 | EIQ.libpla002558 | ||
| 008 | 070629s1992####ag#a#####bm###000#0#spa#d | ||
| 005 | 20080520193948.0 | ||
| 245 | 1 | 0 | |a Estudio de materiales catalíticos basados en Mo para la síntesis de alcoholes / |c Celso Camilo Moro. |
| 260 | |c 1992. | ||
| 300 | |a xiii, 272 p. : |b il., tablas, figuras ; |c 21 cm. | ||
| 502 | |a Tesis (doctorado)--Universidad Nacional del Sur. Departamento de Ingeniería Química, 1992. | ||
| 500 | |a Director de tesis: Dr. Daniel Eduardo Damiani. | ||
| 504 | |a Incluye referencias bibliográficas. | ||
| 100 | 1 | |a Moro, Celso Camilo. |4 dis | |
| 710 | 2 | |a Universidad Nacional del Sur (UNS). |b Dto. de Ingeniería Química |4 dgg. | |
| 650 | 4 | |a Catálisis |x Tesis. | |
| 650 | 4 | |a Catalizadores |x Mo. | |
| 650 | 4 | |a Catalizadores |x Alcoholes. | |
| 650 | 4 | |a Catalysis |x Thesis. | |
| 650 | 4 | |a Catalysts |x Alcohols. | |
| 650 | 4 | |a Catalysts |x Mo. | |
| 040 | |a AR-BbSID |b spa |c AR-BbSID | ||
| 859 | |a AR-BbSID |b BIB. PLAPIQUI |h 541.395 |i M 71 |p 5091 | ||
